| 000 | 01217nam a22002655i 4500 | ||
|---|---|---|---|
| 001 | 103062 | ||
| 003 | ES-MaACL | ||
| 005 | 20230906183246.0 | ||
| 007 | t| | ||
| 008 | 060110s1786 sp ||||1| spa d | ||
| 040 |
_aCAT _bspa _cCAT _dCCPB |
||
| 080 | _a616.936.2(467.12)"17" | ||
| 100 | 1 |
_aBalaguer, Gaspar. _924802 |
|
| 245 | 1 | 0 |
_aNoticia de la epidemia de tercianas que se padeció en varios pueblos del Urgel y otros parages del Principado de Cataluña en el año de 1785 _b: formada de orden de la Real Junta de Sanidad ... / _c[por Gaspar Balaguer, Vicente Grasset]. |
| 260 |
_aBarcelona : _bpor la viuda Piferrer : _b, vendese en su librería administrada por Juan Sellent, _c[1786] |
||
| 300 |
_a[20], 75, [1] p. ; _c4º (21 cm) |
||
| 500 | _aMención de responsabilidad tomada de la p. 75. | ||
| 500 | _aTexto fechado: "2 de febrero de 1786" (p. 75) | ||
| 500 | _aTít. en portadilla: "Epidemia en Urgel del año de 1785" | ||
| 650 | 1 | 4 |
_aFiebre terciana- _zLérida (Provincia)- _yS.XVIII. _912775 |
| 700 | 1 |
_aGrasset, Vicente. _959703 |
|
| 710 | 2 |
_aReal Junta de Sanidad. _96361 |
|
| 740 | 0 | _aEpidemia en Urgel del año de 1785. | |
| 852 |
_aES-MaACL _jR-3431(9) |
||
| 999 |
_c103062 _d103062 |
||